Statistics for 2018-19 Champions League Group Stage

Click here to take the quiz!

General Stats

  • This quiz has been taken 62 times
  • The average score is 26 of 32

Answer Stats

Answer% Correct
Atlético Madrid
98%
Manchester United
98%
Tottenham Hotspur
98%
Barcelona
98%
Real Madrid
98%
Manchester City
98%
Paris Saint-Germain
96%
Borussia Dortmund
96%
Juventus
96%
Liverpool
96%
Bayern Munich
94%
Valencia
94%
Internazionale
94%
Napoli
92%
Ajax
90%
Roma
88%
Monaco
83%
PSV Eindhoven
83%
Lyon
83%
Porto
83%
Benfica
81%
BSC Young Boys
73%
CSKA Moscow
73%
Red Star Belgrade
71%
Schalke 04
69%
Shakhtar Donetsk
69%
1899 Hoffenheim
65%
Club Brugge
62%
Galatasaray
62%
AEK Athens
58%
Viktoria Plzeň
33%
Lokotomiv Moscow
4%

Score Distribution

Percentile by Number Answered

Percent of People with Each Score

Your Score History

You have not taken this quiz